000 00300nam a2200133Ia 4500
008 190216s9999||||xx |||||||||||||| ||und||
100 _aTannan. Br
245 0 _aBanking Law And Practice In India
250 _a13rd Ed.
260 _bNull
_c1971
300 _a630
650 _aEconomics
942 _cBK
999 _c9247
_d9247